| 000 | 00531cam a2200169u 4500 | ||
|---|---|---|---|
| 082 |
_a672.36 _bGRE _cL-17, P-62 |
||
| 100 | 1 |
_aGregory, Edwin, _944850 |
|
| 245 | 0 | 4 |
_aThe heat-treatment of steel, _cGregory, Edwin, |
| 250 | _a1st ed | ||
| 260 |
_aLondon, _bPitman, _c1947. |
||
| 300 |
_ax, 358 p. _billus., chart, diagrs., tables. _c23 cm. |
||
| 526 |
_a0 _b0 _c0 _d672_360000000000000_GRE |
||
| 650 | 0 |
_aMCE _9379 |
|
| 650 | 0 |
_aSteel _xHeat treatment. _944953 |
|
| 700 | 1 |
_aSimons, Eric N., [from old catalog] _944954 |
|
| 942 |
_2ddc _cBK |
||
| 999 |
_c548596 _d548596 |
||